000 00352nam a2200133Ia 4500
100 _aSt.Xavier''''s
942 _cBK
366 _f10
654 _aIntroduction To Programming Using 'C' Language
245 _aIntroduction To Programming Using ''''C'''' Language
260 _bSt.Xavier''s Tech Institute
_aBombay
300 _a69
546 _aENGLISH
999 _c29359
_d29359